000 00626nam a2200205 a 4500
001 000008197
003 DO-SdBNP
005 20240305094429.0
008 090915s1980 dr a r 001 0 spa d
040 _aDO-SdBNP
_bspa
_cBNPHU
082 _axxxx
_bD331c
100 1 _aCabral, Manuel del,
_d1907-1999
_923556
245 1 0 _aChinchina busca el tiempo /
_cManuel Del Cabral.
260 _aSanto Domingo :
_bPublicaciones América,
_c1980.
300 _a114 p. :
_bil ;
_c21 cm.
490 1 _aParnaso Dominicano
500 _aIncluye datos biográficos en la página 7
830 0 _aParnaso Dominicano
_911352
942 _2ddc
_cLBS1
999 _c7971
_d7971